[Event "4th Mediterreanean Men & Women Champions"]
[Site "Cannes"]
[Date "2007.02.20"]
[Round "4.12"]
[White "Pace, Colin"]
[Black "Van Hoolandt, Patrick"]
[Result "0-1"]
[WhiteElo "2147"]
[BlackElo "2257"]
[PlyCount "95"]
[EventDate "2007.??.??"]

1. e4 e5 2. Nf3 Nc6 3. Bc4 Bc5 4. c3 Nf6 5. d3 a6 6. Bb3 d6 7. Nbd2 O-O 8. h3
Ba7 9. Nf1 Ne7 10. Ng3 Ng6 11. d4 exd4 12. cxd4 d5 13. e5 Ne4 14. O-O Kh8 15.
Nxe4 dxe4 16. Ng5 Qe7 17. Qh5 h6 18. Nxf7+ Rxf7 19. Qxg6 Rf8 20. Be3 Bf5 21.
Qh5 Rad8 22. Rfd1 c6 23. Rd2 Kh7 24. Bc2 c5 25. Rad1 Bg6 26. Qg4 h5 27. Qg3
cxd4 28. Bg5 Qc5 29. Bxd8 Rxd8 30. Qh4 Qd5 31. Bb3 Qa5 32. Kh1 Re8 33. e6 Qe5
34. Re1 Bb8 35. g3 Bd6 36. Rde2 Bb4 37. Rxe4 Bxe4+ 38. Qxe4+ Qxe4+ 39. Rxe4 Bc5
40. Re5 b6 41. Rxh5+ Kg6 42. Re5 Kf6 43. Re2 Rd8 44. a3 b5 45. Kg2 a5 46. f4 a4
47. Ba2 d3 48. Rd2 {temps} 0-1

[Event "4th Mediterreanean Men & Women Champions"]
[Site "Cannes"]
[Date "2007.02.20"]
[Round "4.13"]
[White "Borg, Andrew"]
[Black "Drljevic, Ljilja"]
[Result "0-1"]
[WhiteElo "2105"]
[BlackElo "2243"]
[PlyCount "90"]
[EventDate "2007.??.??"]

1. Nf3 Nf6 2. c4 d6 3. d4 Nbd7 4. Nc3 e5 5. Bg5 Be7 6. e3 h6 7. Bh4 O-O 8. Qc2
c6 9. Bd3 Re8 10. O-O-O Qa5 11. Kb1 a6 12. Rhg1 b5 13. dxe5 dxe5 14. Bxf6 Nxf6
15. Nxe5 bxc4 16. Nxc4 Qb4 17. Qa4 a5 18. Qxb4 axb4 19. Ne4 Be6 20. Nxf6+ Bxf6
21. b3 Ra7 22. Rge1 Bc3 23. Re2 Rea8 24. Rc2 g6 25. f3 Rd8 26. Be2 Re8 27. Rd3
Kg7 28. g4 f5 29. h3 Bd5 30. gxf5 gxf5 31. a4 Kf6 32. Rdxc3 bxc3 33. Rxc3 Rb8
34. Kc2 Kg5 35. f4+ Kh4 36. Ne5 Be4+ 37. Kd2 Kxh3 38. Ke1 Rab7 39. Bc4 Kg2 40.
Bf1+ Kg3 41. Bc4 h5 42. a5 h4 43. a6 h3 44. Kd2 h2 45. Rc1 Ra7 0-1

[Event "4th Mediterreanean Men & Women Champions"]
[Site "Cannes"]
[Date "2007.02.20"]
[Round "4.14"]
[White "Messina, Roberta"]
[Black "Gutierrez Castillo, Paloma"]
[Result "1-0"]
[WhiteElo "1834"]
[BlackElo "2192"]
[PlyCount "53"]
[EventDate "2007.??.??"]

1. e4 e5 2. Nf3 Nc6 3. d4 exd4 4. Nxd4 Nf6 5. Nxc6 bxc6 6. e5 Qe7 7. Qe2 Nd5 8.
c4 Ba6 9. b3 g6 10. Bb2 Bg7 11. Qe4 Nb6 12. Nd2 O-O-O 13. c5 Bxf1 14. cxb6 Ba6
15. bxa7 Kb7 16. Bd4 Rhe8 17. O-O-O Bxe5 18. Rhe1 Qa3+ 19. Kb1 d5 20. Qe3 Bxd4
21. Qxd4 c5 22. Qf6 Bd3+ 23. Ka1 Rxe1 24. Rxe1 Re8 25. Rd1 Re2 26. Qd8 c4 $4
27. Qb8+ 1-0

[Event "4th Mediterreanean Men & Women Champions"]
[Site "Cannes"]
[Date "2007.02.20"]
[Round "4.15"]
[White "Garcia, Raul"]
[Black "Lebel-Arias, Julia"]
[Result "1/2-1/2"]
[WhiteElo "2233"]
[BlackElo "1989"]
[PlyCount "64"]
[EventDate "2007.??.??"]

1. d4 g6 2. Nf3 Bg7 3. c4 d6 4. g3 c6 5. Bg2 Nh6 6. Nc3 f6 7. O-O Nf7 8. e4 e5
9. Be3 O-O 10. Qc2 Qe7 11. b4 Re8 12. d5 f5 13. dxc6 bxc6 14. c5 Be6 15. cxd6
Qxd6 16. a3 Nd7 17. Rfd1 Qb8 18. Na4 f4 19. Nc5 fxe3 20. Nxe6 exf2+ 21. Qxf2
Nf6 22. Nxg7 Kxg7 23. Nd2 Qb6 24. Nc4 Qxf2+ 25. Kxf2 Rad8 26. Na5 Ng4+ 27. Ke2
Nxh2 28. Nxc6 Rc8 29. Nxa7 Rc3 30. Rd3 Rc2+ 31. Rd2 Rc3 32. Rd3 Rc2+ 1/2-1/2

[Event "4th Mediterreanean Men & Women Champions"]
[Site "Cannes"]
[Date "2007.02.20"]
[Round "4.16"]
[White "Solic, Kristina"]
[Black "Titova-Boric, Elena"]
[Result "1/2-1/2"]
[WhiteElo "2155"]
[BlackElo "2281"]
[PlyCount "20"]
[EventDate "2007.??.??"]

1. e4 d5 2. exd5 Nf6 3. d4 Nxd5 4. c4 Nf6 5. Nf3 e6 6. Nc3 Be7 7. Be2 O-O 8.
O-O Nc6 9. h3 b6 10. Be3 Bb7 1/2-1/2

[Event "4th Mediterreanean Men & Women Champions"]
[Site "Cannes"]
[Date "2007.02.21"]
[Round "5.1"]
[White "Atalik, Suat"]
[Black "Djukic, Nikola"]
[Result "1-0"]
[WhiteElo "2586"]
[BlackElo "2527"]
[PlyCount "91"]
[EventDate "2007.??.??"]

1. d4 Nf6 2. c4 g6 3. g3 Bg7 4. Bg2 O-O 5. Nc3 d6 6. Nf3 Nc6 7. O-O a6 8. Qd3
e5 9. dxe5 dxe5 10. Qxd8 Rxd8 11. Bg5 Be6 12. Nd2 h6 13. Bxf6 Bxf6 14. Nde4 Be7
15. Nd5 Bxd5 16. cxd5 Nb4 17. Nc3 f5 18. a3 Nc2 19. Rac1 Nd4 20. e3 Nb5 21.
Nxb5 axb5 22. Rxc7 Bd6 23. Rxb7 b4 24. axb4 Rab8 25. Rxb8 Rxb8 26. b3 Rxb4 27.
Rb1 f4 28. Kf1 g5 29. Ke2 e4 30. Kd2 f3 31. Bf1 Rb8 32. Bc4 Ra8 33. b4 Kf7 34.
b5 Kf6 35. b6 Ke5 36. b7 Rb8 37. g4 Rh8 38. Rb6 Rb8 39. h3 Rh8 40. Kc2 Rb8 41.
Kb3 h5 42. Ka4 hxg4 43. hxg4 Rh8 44. Bb3 Rb8 45. Kb5 Rf8 46. Rc6 1-0

[Event "4th Mediterreanean Men & Women Champions"]
[Site "Cannes"]
[Date "2007.02.21"]
[Round "5.3"]
[White "Piscopo, Pierluigi"]
[Black "Georgiadis, Ioannis"]
[Result "1/2-1/2"]
[WhiteElo "2380"]
[BlackElo "2392"]
[PlyCount "54"]
[EventDate "2007.??.??"]

1. e4 c5 2. Nc3 a6 3. Nge2 d6 4. g3 b5 5. Bg2 Bb7 6. O-O b4 7. Nd5 e6 8. Ne3
Nf6 9. d3 Nc6 10. c3 Be7 11. d4 cxd4 12. cxd4 O-O 13. d5 exd5 14. exd5 Ne5 15.
Nd4 Rc8 16. b3 Re8 17. Bb2 Bf8 18. Re1 Qb6 19. h3 a5 20. f4 Ned7 21. Kh2 Ba6
22. Qf3 Nc5 23. Ndf5 Nd3 24. Bxf6 Nxe1 25. Nh6+ Kh8 26. Qg4 Qxe3 27. Nxf7+ Kg8
1/2-1/2

[Event "4th Mediterreanean Men & Women Champions"]
[Site "Cannes"]
[Date "2007.02.21"]
[Round "5.6"]
[White "Krivec, Jana"]
[Black "Bogut, Zeljko"]
[Result "1/2-1/2"]
[WhiteElo "2316"]
[BlackElo "2437"]
[PlyCount "140"]
[EventDate "2007.??.??"]

1. e4 d5 2. exd5 Qxd5 3. Nc3 Qd6 4. d4 Nf6 5. Bd3 a6 6. Nge2 Nc6 7. Ne4 Nxe4 8.
Bxe4 e5 9. dxe5 Qxd1+ 10. Kxd1 Nxe5 11. f3 Bc5 12. Nf4 O-O 13. Nd3 Rd8 14. Ke2
Nxd3 15. Bxd3 Re8+ 16. Kd1 Bd6 17. g4 Be6 18. h4 Bd5 19. Rf1 Bg3 20. h5 Rad8
21. Bd2 c5 22. c4 Bc6 23. Kc2 Be5 24. Rad1 Bxb2 25. Ba5 b6 26. Bxb6 Rb8 27.
Kxb2 Rxb6+ 28. Kc3 Rbb8 29. f4 Re3 30. Rfe1 Rg3 31. Re5 Rd8 32. Rd2 Kf8 33. g5
Rd6 34. Kc2 f6 35. Rxc5 h6 36. gxh6 gxh6 37. Ra5 Rd4 38. Rxa6 Rgxd3 39. Rxd3
Be4 40. Raa3 Rxc4+ 41. Kd2 Bxd3 42. Kxd3 Rxf4 43. Ra5 Kf7 44. Ra7+ Ke6 45. Rh7
Ra4 46. Rxh6 Rxa2 47. Rh8 Kf5 48. Rb8 Rh2 49. Ke3 Rh3+ 50. Kf2 Kg4 51. Rg8+ Kf4
52. Rg6 f5 53. h6 Rh5 54. Ra6 Kg5 55. Kf3 Rh1 56. Kg3 f4+ 57. Kf3 Rh3+ 58. Kg2
Rh4 59. Kf3 Rh3+ 60. Kg2 Rxh6 61. Rxh6 Kxh6 62. Kf3 Kg5 63. Kf2 Kg4 64. Kg2 f3+
65. Kf2 Kf4 66. Kf1 Ke4 67. Kf2 Kf4 68. Kf1 Kg3 69. Kg1 f2+ 70. Kf1 Kf3 1/2-1/2

[Event "4th Mediterreanean Men & Women Champions"]
[Site "Cannes"]
[Date "2007.02.21"]
[Round "5.9"]
[White "Peric, Slavisa"]
[Black "Khairallah, Faisal"]
[Result "1/2-1/2"]
[WhiteElo "2306"]
[BlackElo "2293"]
[PlyCount "71"]
[EventDate "2007.??.??"]

1. d4 Nf6 2. Nf3 g6 3. Bg5 Bg7 4. Nbd2 O-O 5. c3 d6 6. e4 Nc6 7. h3 e5 8. dxe5
Nxe5 9. Nxe5 dxe5 10. Bc4 h6 11. Be3 Qe7 12. O-O b6 13. g4 Bb7 14. f3 Nd7 15.
b4 a5 16. a3 Kh8 17. Bd3 Rfd8 18. Qe2 Nf8 19. Bc4 Ne6 20. Bxe6 Qxe6 21. b5 Qd6
22. Nc4 Qe6 23. Rad1 f5 24. exf5 gxf5 25. Bd4 Rd5 26. f4 fxg4 27. Bxe5 Rxe5 28.
Nxe5 Bf3 29. Rxf3 gxf3 30. Qxf3 Rg8 31. Kh1 Bxe5 32. fxe5 Qxe5 33. Qd3 Qg5 34.
Qd4+ Kh7 35. Qe4+ Kh8 36. Qd4+ 1/2-1/2

[Event "4th Mediterreanean Men & Women Champions"]
[Site "Cannes"]
[Date "2007.02.22"]
[Round "5.10"]
[White "Drljevic, Ljilja"]
[Black "Messina, Roberta"]
[Result "1-0"]
[WhiteElo "2243"]
[BlackElo "1834"]
[PlyCount "71"]
[EventDate "2007.??.??"]

1. e4 c5 2. d3 Nc6 3. g3 g6 4. Bg2 Bg7 5. f4 d6 6. Nf3 e6 7. O-O Nge7 8. c3 O-O
9. Na3 h6 10. Nc2 Kh7 11. Kh1 Rb8 12. Ne3 b5 13. g4 b4 14. Bd2 Ba6 15. Be1 d5
16. e5 bxc3 17. bxc3 Rb2 18. Qc1 Qb6 19. c4 Qb8 20. Nd1 Rb6 21. Bf2 d4 22. Bh4
f5 23. exf6 Bxf6 24. Bg3 Qc8 25. Nf2 Bg7 26. Ne4 Nb4 27. Qd2 Bb7 28. Ne5 Bxe5
29. fxe5 Bxe4 30. Bxe4 Rb8 31. Rf6 Kg7 32. Raf1 Qa6 33. Qf2 Qc8 34. Rf7+ Kg8
35. Qf6 Rxf7 36. Qxf7+ 1-0

[Event "4th Mediterreanean Men & Women Champions"]
[Site "Cannes"]
[Date "2007.02.21"]
[Round "5.11"]
[White "Calistri, Tristan"]
[Black "El Gindy, Essam"]
[Result "1-0"]
[WhiteElo "2381"]
[BlackElo "2523"]
[PlyCount "61"]
[EventDate "2007.??.??"]

1. e4 c5 2. Nf3 d6 3. d4 cxd4 4. Nxd4 Nf6 5. Nc3 Nc6 6. Bg5 Bd7 7. Qd2 Rc8 8.
f4 Nxd4 9. Qxd4 Qa5 10. e5 dxe5 11. fxe5 e6 12. O-O-O Bc6 13. Nb5 Be4 14. exf6
Rxc2+ 15. Kb1 Rd2+ 16. Qxe4 Rxd1+ 17. Kc2 Rd5 18. Nc3 Rxg5 19. Qxb7 gxf6 20.
Qc6+ Ke7 21. Qb7+ Ke8 22. h4 Rc5 23. Bb5+ Rxb5 24. Qc6+ Ke7 25. Nxb5 Qb6 26.
Qc4 Rg8 27. Rd1 Rxg2+ 28. Kb1 f5 29. Qb4+ Kf6 30. Qxf8 Qxb5 31. Qh8+ 1-0

[Event "4th Mediterreanean Men & Women Champions"]
[Site "Cannes"]
[Date "2007.02.21"]
[Round "5.12"]
[White "Nikac, Predrag"]
[Black "Lebel, Patrick"]
[Result "0-1"]
[WhiteElo "2383"]
[BlackElo "2165"]
[PlyCount "38"]
[EventDate "2007.??.??"]

1. e4 Nf6 2. Qe2 e5 3. d3 Nc6 4. Nf3 Bc5 5. h3 O-O 6. Nc3 h6 7. g4 Nd4 8. Nxd4
exd4 9. Nd1 d5 10. Bg2 dxe4 11. dxe4 Re8 12. Bd2 Bd7 13. Qd3 Nxe4 14. O-O Bc6
15. b4 Nxd2 16. Bxc6 bxc6 17. Qxd2 Bd6 18. Kg2 Qe7 19. Qxd4 Be5 0-1

[Event "4th Mediterreanean Men & Women Champions"]
[Site "Cannes"]
[Date "2007.02.21"]
[Round "5.13"]
[White "Titova-Boric, Elena"]
[Black "Pace, Colin"]
[Result "0-1"]
[WhiteElo "2281"]
[BlackElo "2147"]
[PlyCount "152"]
[EventDate "2007.??.??"]

1. e4 c5 2. Nf3 g6 3. d4 Bg7 4. Nc3 cxd4 5. Nxd4 Nc6 6. Nxc6 bxc6 7. Bd3 Qc7 8.
O-O Nf6 9. f4 d6 10. Kh1 O-O 11. Bd2 Re8 12. Qe1 e5 13. Qh4 exf4 14. Rxf4 Nd7
15. Rxf7 Kxf7 16. Bc4+ Re6 17. Bxe6+ Kxe6 18. Qh3+ Kf7 19. Rf1+ Nf6 20. Qxh7
Bf5 21. Qh4 Rh8 22. Qg3 Be6 23. Bf4 Rd8 24. Bg5 Qa5 25. Bxf6 Bxf6 26. Qh4 Qe5
27. Qh7+ Ke8 28. Qxg6+ Ke7 29. Qh7+ Bf7 30. Rf5 Qd4 31. Qh6 Rh8 32. Qc1 Be5 33.
h3 Be6 34. Rf3 Rg8 35. Qf1 Qd2 36. Rf2 Qg5 37. Ne2 Bc4 38. Rf3 Bxe2 39. Qxe2
Qc1+ 40. Rf1 Qxb2 41. Qf2 Qxa2 42. Qh4+ Kd7 43. Qh5 Rg7 44. Qf5+ Qe6 45. Qf2 c5
46. Qe2 Ke7 47. Qb5 Qd7 48. Qb8 Rf7 49. Rb1 Rf8 50. Qb3 Rc8 51. Qd5 Rc7 52. Rf1
Qe6 53. Qa8 Bf6 54. Qb8 Rd7 55. Qa8 Qc4 56. Rf2 Qd4 57. Rf1 Qc4 58. Rf2 Qa2 59.
h4 Qb1+ 60. Kh2 Qe1 61. Rf4 Qc3 62. Qg8 Qe5 63. g3 Qe6 64. Qh7+ Qf7 65. Qf5 Qe6
66. Qh7+ Kd8 67. Qg6 Rf7 68. Qg8+ Ke7 69. Qa8 Qd7 70. Qd5 Rg7 71. Rf3 Be5 72.
Rb3 Qg4 73. Qd3 Qxh4+ 74. Kg2 Rxg3+ 75. Qxg3 Qxg3+ 76. Rxg3 Bxg3 0-1

[Event "4th Mediterreanean Men & Women Champions"]
[Site "Cannes"]
[Date "2007.02.21"]
[Round "5.14"]
[White "Mehaibia, Azzedine"]
[Black "Garcia, Raul"]
[Result "1-0"]
[WhiteElo "2190"]
[BlackElo "2233"]
[PlyCount "101"]
[EventDate "2007.??.??"]

1. e4 c5 2. Nf3 e6 3. d4 cxd4 4. Nxd4 a6 5. Bd3 Bc5 6. Nb3 Be7 7. Nc3 d6 8. f4
Qc7 9. Qf3 Nf6 10. g4 Nc6 11. Be3 b5 12. O-O-O Bb7 13. Kb1 O-O-O 14. g5 Nd7 15.
Qf2 h6 16. h4 hxg5 17. hxg5 Nc5 18. Rhf1 Nb8 19. e5 Nbd7 20. exd6 Bxd6 21. Bxb5
Nxb3 22. axb3 Nc5 23. Rxd6 Qxd6 24. Bxc5 Qd2 25. Qxd2 Rxd2 26. Bd3 Kc7 27. Bd4
Rg8 28. Be5+ Kd7 29. Na4 Ke7 30. Nc5 Bd5 31. Bc3 Rg2 32. Nxa6 f6 33. gxf6+ gxf6
34. Bd4 R8g4 35. Nb4 Bb7 36. Ka2 Rh2 37. Bc5+ Kf7 38. Re1 Rhh4 39. Bd6 Rh1 40.
Rxh1 Bxh1 41. c4 e5 42. fxe5 Ke6 43. Ka3 fxe5 44. c5 e4 45. Bc4+ Kd7 46. Bb5+
Ke6 47. Bc4+ Kd7 48. Nd5 Rh4 49. Kb4 Rh3 50. Nf6+ Kd8 51. c6 1-0

[Event "4th Mediterreanean Men & Women Champions"]
[Site "Cannes"]
[Date "2007.02.21"]
[Round "5.16"]
[White "Lebel-Arias, Julia"]
[Black "Solic, Kristina"]
[Result "0-1"]
[WhiteElo "1989"]
[BlackElo "2155"]
[PlyCount "86"]
[EventDate "2007.??.??"]

1. d4 d5 2. e3 Nf6 3. Bd3 Bg4 4. f3 Bh5 5. c3 Nbd7 6. Nd2 Bg6 7. Qe2 Bxd3 8.
Qxd3 e5 9. Ne2 c6 10. e4 Bd6 11. f4 dxe4 12. Nxe4 Nxe4 13. Qxe4 Nf6 14. Qe3 e4
15. Ng3 O-O 16. O-O Ng4 17. Qxe4 Qh4 18. h3 Qxg3 19. hxg4 Rfe8 20. Qf3 Qxf3 21.
gxf3 Re2 22. Rd1 Rae8 23. Bd2 Kf8 24. b4 R8e6 25. g5 f5 26. c4 h5 27. a4 h4 28.
c5 h3 29. Kh1 Bc7 30. Re1 Rxe1+ 31. Rxe1 Rxe1+ 32. Bxe1 Bxf4 33. b5 Ke7 34. d5
cxd5 35. Bf2 Kd7 36. a5 a6 37. c6+ Kc8 38. cxb7+ Kxb7 39. bxa6+ Kxa6 40. Bb6 g6
41. Kg1 Be5 42. Kh1 d4 43. f4 d3 0-1

[Event "4th Mediterreanean Men & Women Champions"]
[Site "Cannes"]
[Date "2007.02.22"]
[Round "6.2"]
[White "Djukic, Nikola"]
[Black "Piscopo, Pierluigi"]
[Result "1-0"]
[WhiteElo "2527"]
[BlackElo "2380"]
[PlyCount "79"]
[EventDate "2007.??.??"]

1. e4 c5 2. Nf3 Nc6 3. d4 cxd4 4. Nxd4 Nf6 5. Nc3 e5 6. Ndb5 d6 7. Bg5 a6 8.
Na3 b5 9. Nd5 Be7 10. Bxf6 Bxf6 11. c3 O-O 12. Nc2 Rb8 13. h4 Be7 14. g3 Qe8
15. a3 Bd8 16. Nce3 Be6 17. Bd3 Ne7 18. Qf3 Bxd5 19. exd5 Bb6 20. g4 Rc8 21. h5
f5 22. gxf5 Qf7 23. O-O-O Bxe3+ 24. fxe3 Nxd5 25. Bc2 Nf6 26. h6 gxh6 27. Rxd6
Qg7 28. Rxa6 Kh8 29. Kb1 Rc4 30. Qh3 h5 31. Rb6 Rg4 32. Rxb5 Rg3 33. Qh2 Rg2
34. Qh4 Qd7 35. Qb4 Rfg8 36. Rd1 Rd2 37. Rxd2 Qxd2 38. Qe7 Qe1+ 39. Ka2 Qh4 40.
Rb6 1-0

[Event "4th Mediterreanean Men & Women Champions"]
[Site "Cannes"]
[Date "2007.02.22"]
[Round "6.3"]
[White "Cabrera Trujillo, Jorge"]
[Black "Belkhodja, Slim"]
[Result "1/2-1/2"]
[WhiteElo "2279"]
[BlackElo "2487"]
[PlyCount "102"]
[EventDate "2007.??.??"]

1. e4 e5 2. Nf3 d6 3. d4 exd4 4. Nxd4 Nf6 5. Nc3 Be7 6. Bf4 O-O 7. Qd2 a6 8.
O-O-O b5 9. f3 c5 10. Nde2 b4 11. Nd5 Nxd5 12. Qxd5 Ra7 13. Kb1 Be6 14. Qd2 Nc6
15. Be3 Qa5 16. b3 Bf6 17. Nf4 Nd4 18. Bxd4 Bxd4 19. Nxe6 fxe6 20. Bc4 Re7 21.
a4 Qb6 22. f4 Kh8 23. Qe2 a5 24. Qg4 Qc6 25. Rhe1 Qe8 26. Rf1 g6 27. Rf3 d5 28.
exd5 exd5 29. Bxd5 Re1 30. Rf1 Rxf1 31. Rxf1 Qd8 32. Qe6 Qh4 33. f5 Bg7 34. f6
Bxf6 35. Qd6 Kg7 36. Qc7+ Kh6 37. Qxc5 Re8 38. Ka2 Qg5 39. Qc6 Rf8 40. Rf3 Qe5
41. Rh3+ Kg7 42. Qd7+ Qe7 43. Qxe7+ Bxe7 44. Rf3 Bf6 45. Bc4 Re8 46. Rf1 h5 47.
Kb1 Bc3 48. Kc1 h4 49. Kd1 Re3 50. h3 Re5 51. Be2 Rd5+ 1/2-1/2

[Event "4th Mediterreanean Men & Women Champions"]
[Site "Cannes"]
[Date "2007.02.22"]
[Round "6.6"]
[White "Bogut, Zeljko"]
[Black "Drljevic, Ljilja"]
[Result "1-0"]
[WhiteElo "2437"]
[BlackElo "2243"]
[PlyCount "83"]
[EventDate "2007.??.??"]

1. c4 d6 2. d4 Nd7 3. Nc3 e5 4. g3 Ngf6 5. Nf3 c6 6. Qc2 Be7 7. Bg2 O-O 8. O-O
Qc7 9. Rd1 Re8 10. b3 Bf8 11. d5 cxd5 12. Nxd5 Nxd5 13. Rxd5 Nf6 14. Rd1 Bg4
15. Ng5 Bh5 16. Ne4 Bg6 17. Nxf6+ gxf6 18. Qd2 Rad8 19. Bd5 Rb8 20. a4 a5 21.
Bb2 h5 22. Bc3 b6 23. Bb2 Kh7 24. Ba3 Bh6 25. e3 Rbd8 26. Bg2 Bf8 27. h4 Be7
28. Qe2 f5 29. Rd5 Bf8 30. Rad1 Re6 31. Bh3 Rf6 32. Bb2 Re8 33. R1d2 Qb8 34.
Qd1 Kh6 35. Ba3 f4 36. exf4 exf4 37. Bb2 Rfe6 38. Bxe6 fxe6 39. Rxd6 Bxd6 40.
Rxd6 fxg3 41. Qd2+ Kh7 42. Rd7+ 1-0

[Event "4th Mediterreanean Men & Women Champions"]
[Site "Cannes"]
[Date "2007.02.22"]
[Round "6.7"]
[White "Calistri, Tristan"]
[Black "Krivec, Jana"]
[Result "1/2-1/2"]
[WhiteElo "2381"]
[BlackElo "2316"]
[PlyCount "87"]
[EventDate "2007.??.??"]

1. e4 e5 2. Nf3 Nc6 3. Bb5 a6 4. Ba4 Nf6 5. O-O Be7 6. Re1 b5 7. Bb3 O-O 8. h3
d6 9. c3 Nb8 10. d4 Nbd7 11. Nbd2 Bb7 12. Bc2 Re8 13. Nf1 Bf8 14. Ng3 g6 15. a4
c5 16. d5 c4 17. Bg5 h6 18. Be3 Nc5 19. Qd2 h5 20. Bg5 Be7 21. Ra3 Nfd7 22. Be3
Qc7 23. Ng5 Nb6 24. axb5 axb5 25. Rxa8 Rxa8 26. f4 Bxg5 27. fxg5 Nba4 28. Bb1
Nd3 29. Bxd3 cxd3 30. Rb1 b4 31. cxb4 Qc2 32. Ra1 Qxd2 33. Bxd2 Nxb2 34. Rxa8+
Bxa8 35. Nf1 Nc4 36. Bc1 Bb7 37. b5 Kf8 38. Kf2 Bc8 39. Nd2 Nxd2 40. Bxd2 Bd7
41. b6 Bc8 42. Ke3 Ba6 43. g4 hxg4 44. hxg4 1/2-1/2

[Event "4th Mediterreanean Men & Women Champions"]
[Site "Cannes"]
[Date "2007.02.22"]
[Round "6.8"]
[White "Gurevich, Mikhail"]
[Black "Calzetta, Monica"]
[Result "1-0"]
[WhiteElo "2635"]
[BlackElo "2352"]
[PlyCount "57"]
[EventDate "2007.??.??"]

1. c4 e5 2. g3 Nf6 3. Bg2 c6 4. d4 exd4 5. Qxd4 d5 6. Nf3 dxc4 7. Qxc4 Be6 8.
Qc2 Be7 9. Ng5 Bd5 10. e4 Nxe4 11. Nxe4 f5 12. Nbc3 fxe4 13. O-O Nd7 14. Rd1
Nf6 15. Nxe4 O-O 16. Nxf6+ Rxf6 17. Bxd5+ cxd5 18. Be3 Rd6 19. Qb3 Kh8 20. Qxb7
Bf6 21. Rd2 Rd7 22. Qa6 Rb8 23. Rc1 d4 24. Bf4 Rb6 25. Qd3 g5 26. Rdc2 gxf4 27.
Rc8 fxg3 28. hxg3 Rxb2 29. Qf5 1-0

[Event "4th Mediterreanean Men & Women Champions"]
[Site "Cannes"]
[Date "2007.02.22"]
[Round "6.9"]
[White "Lebel, Patrick"]
[Black "Peric, Slavisa"]
[Result "1/2-1/2"]
[WhiteElo "2165"]
[BlackElo "2306"]
[PlyCount "77"]
[EventDate "2007.??.??"]

1. b3 d5 2. Bb2 e6 3. e3 Nf6 4. Nf3 c5 5. d4 cxd4 6. exd4 Nc6 7. Bd3 Bb4+ 8. c3
Bd6 9. O-O O-O 10. Re1 Re8 11. c4 Nb4 12. Bf1 b6 13. a3 Nc6 14. Nbd2 Bb7 15.
Bd3 Rc8 16. Ne5 dxc4 17. Nxc6 Bxc6 18. bxc4 Bb7 19. Nf3 Nd7 20. Rc1 Qf6 21. Be4
Bxe4 22. Rxe4 Qg6 23. Re1 Nf6 24. Ne5 Bxe5 25. Rxe5 Ng4 26. Re2 Qh5 27. h3 Nh6
28. Qe1 Red8 29. Re5 Qg6 30. d5 exd5 31. cxd5 Rxc1 32. Qxc1 Qd6 33. Qc6 f6 34.
Re8+ Kf7 35. Rxd8 Qxd8 36. Qe6+ Kg6 37. Qe4+ Kf7 38. Qe6+ Kg6 39. Qe4+ 1/2-1/2

[Event "4th Mediterreanean Men & Women Champions"]
[Site "Cannes"]
[Date "2007.02.22"]
[Round "6.10"]
[White "Khairallah, Faisal"]
[Black "Gutierrez Castillo, Paloma"]
[Result "1-0"]
[WhiteElo "2293"]
[BlackElo "2192"]
[PlyCount "69"]
[EventDate "2007.??.??"]

1. d4 d5 2. c4 e6 3. Nf3 Nf6 4. g3 c6 5. Qc2 Bd6 6. Bg2 Nbd7 7. O-O O-O 8. Rd1
Qe7 9. Bf4 dxc4 10. Bxd6 Qxd6 11. Qxc4 e5 12. Qc2 Qe7 13. e3 exd4 14. Nxd4 Ne5
15. h3 Be6 16. Nd2 c5 17. Nxe6 fxe6 18. Ne4 Rad8 19. Qxc5 Nc6 20. Qxe7 Nxe7 21.
Nxf6+ gxf6 22. Bxb7 Kf7 23. Bf3 f5 24. e4 Kf6 25. exf5 Nxf5 26. Rxd8 Rxd8 27.
Rd1 Nd4 28. Kg2 e5 29. Be4 h6 30. Rc1 Rd7 31. Rc8 Re7 32. Rh8 Kg5 33. h4+ Kh5
34. Kh3 Rg7 35. f3 1-0

[Event "4th Mediterreanean Men & Women Champions"]
[Site "Cannes"]
[Date "2007.02.22"]
[Round "6.11"]
[White "Messina, Roberta"]
[Black "Mehaibia, Azzedine"]
[Result "0-1"]
[WhiteElo "1834"]
[BlackElo "2190"]
[PlyCount "68"]
[EventDate "2007.??.??"]

1. e4 c5 2. Nf3 g6 3. d4 cxd4 4. Nxd4 Nc6 5. Be3 Nf6 6. Nc3 Bg7 7. Bc4 O-O 8.
h3 Nxe4 9. Bxf7+ Rxf7 10. Nxe4 Qa5+ 11. Nc3 Qb4 12. Nde2 Qxb2 13. O-O Bxc3 14.
Rb1 Qxa2 15. Nxc3 Qc4 16. Ne2 d5 17. Ng3 e5 18. Qd2 Be6 19. Bh6 b6 20. Rfe1 Re8
21. Bg5 e4 22. h4 Qd4 23. Qe2 Ne5 24. Be3 Qc4 25. Qd2 Rc8 26. Bf4 Ng4 27. Rbc1
Rcf8 28. Ne2 d4 29. Qxd4 Rxf4 30. Qxc4 Bxc4 31. Nxf4 Rxf4 32. f3 exf3 33. gxf3
Rxf3 34. Re4 Rg3+ 0-1

[Event "4th Mediterreanean Men & Women Champions"]
[Site "Cannes"]
[Date "2007.02.22"]
[Round "6.12"]
[White "Pace, Colin"]
[Black "Ozturk, Kubra"]
[Result "0-1"]
[WhiteElo "2147"]
[BlackElo "2131"]
[PlyCount "116"]
[EventDate "2007.??.??"]

1. e4 c6 2. d4 d5 3. Nc3 dxe4 4. Nxe4 Bf5 5. Ng3 Bg6 6. h4 h6 7. Nf3 Nd7 8. h5
Bh7 9. Bd3 Bxd3 10. Qxd3 Ngf6 11. Bf4 Qa5+ 12. Bd2 Qc7 13. O-O-O O-O-O 14. Ne4
e6 15. g3 Nxe4 16. Qxe4 Nf6 17. Qe2 Bd6 18. c4 c5 19. Bc3 cxd4 20. Nxd4 a6 21.
Kb1 Kb8 22. Nf3 Ka8 23. Ne5 Bxe5 24. Bxe5 Qc6 25. Rxd8+ Rxd8 26. Re1 Qd7 27.
Bxf6 gxf6 28. Kc1 Qa4 29. b3 Qa3+ 30. Kb1 Qa5 31. Rd1 Qf5+ 32. Kc1 Rxd1+ 33.
Qxd1 Qxf2 34. Qd6 Qe1+ 35. Kc2 Qe2+ 36. Kc1 Qe1+ 37. Kc2 Qe4+ 38. Kc1 Qe3+ 39.
Kc2 Ka7 40. c5 Qe2+ 41. Kc3 Qe5+ 42. Qxe5 fxe5 43. g4 f6 44. b4 b6 45. Kc4 bxc5
46. Kxc5 Kb7 47. a3 Kc7 48. a4 Kb7 49. Kc4 Kc6 50. Kc3 Kd5 51. Kd3 e4+ 52. Ke3
Kc4 53. b5 axb5 54. axb5 Kxb5 55. Kxe4 Kc5 56. Ke3 Kd5 57. Kf3 Kd4 58. Kf4 Kd3
0-1

[Event "4th Mediterreanean Men & Women Champions"]
[Site "Cannes"]
[Date "2007.02.22"]
[Round "6.13"]
[White "Nikac, Predrag"]
[Black "Van Hoolandt, Patrick"]
[Result "0-1"]
[WhiteElo "2383"]
[BlackElo "2257"]
[PlyCount "122"]
[EventDate "2007.??.??"]

1. e4 e5 2. Bc4 Nf6 3. d3 Nc6 4. Nf3 Bc5 5. O-O d6 6. Be3 O-O 7. Nbd2 a6 8. c3
Bxe3 9. fxe3 Na5 10. Qe1 Nxc4 11. Nxc4 Be6 12. Ncd2 Nd7 13. d4 f6 14. Qg3 Qe8
15. Nh4 Bf7 16. Nf5 Bg6 17. h4 Kh8 18. Qh3 Bxf5 19. Rxf5 g6 20. Rf2 Qe7 21.
Raf1 Rae8 22. a4 Qe6 23. Qf3 c6 24. h5 gxh5 25. Qxh5 Rg8 26. b4 Rg5 27. Qe2
Reg8 28. d5 Qh3 29. dxc6 bxc6 30. Qf3 Rg3 31. Qe2 R8g6 32. Qf3 Rxf3 33. Nxf3
Qg4 34. Rd1 Qe6 35. Rfd2 Nf8 36. Nh4 Rg4 37. Nf3 Rg7 38. Rxd6 Qg4 39. Ne1 Qxe4
40. Rxf6 Qxe3+ 41. Kf1 Nd7 42. Rf3 Qh6 43. Rfd3 Qh1+ 44. Kf2 Qh4+ 45. Kg1 Qg4
46. c4 e4 47. Rd4 Qf5 48. b5 axb5 49. axb5 cxb5 50. Rd5 Qe6 51. cxb5 Qb6+ 52.
Kh2 Qc7+ 53. Kh1 Rf7 54. Kg1 Nf6 55. Rf5 Kg7 56. Rb1 Qb6+ 57. Kh1 Kg6 58. Rf4
h5 59. g3 Ng4 60. Ng2 Rxf4 61. Nxf4+ Kh6 0-1

[Event "4th Mediterreanean Men & Women Champions"]
[Site "Cannes"]
[Date "2007.02.22"]
[Round "6.15"]
[White "Lebel-Arias, Julia"]
[Black "Titova-Boric, Elena"]
[Result "0-1"]
[WhiteElo "1989"]
[BlackElo "2281"]
[PlyCount "124"]
[EventDate "2007.??.??"]

1. d4 d6 2. e4 Nf6 3. Bd3 e5 4. c3 Nbd7 5. Nf3 Be7 6. Nbd2 c6 7. O-O O-O 8. Re1
Re8 9. Bf1 Bf8 10. dxe5 Nxe5 11. Nxe5 Rxe5 12. h3 Qe7 13. f4 Re6 14. Qf3 Bd7
15. Bd3 Re8 16. Kh2 h5 17. Rf1 Qd8 18. b4 a5 19. a3 c5 20. b5 d5 21. e5 Ng4+
22. Kh1 c4 23. Bf5 Rh6 24. Bxd7 Qxd7 25. a4 f6 26. Nb1 fxe5 27. fxe5 Nxe5 28.
Qd1 Rh7 29. Be3 Ng4 30. Bg1 Nf6 31. Nd2 Bd6 32. Qf3 Rf8 33. Qe3 h4 34. Rae1 Nh5
35. Rxf8+ Bxf8 36. Bf2 Nf6 37. Qd4 Qf5 38. Nf3 Ne4 39. Rxe4 Qxe4 40. Qxe4 dxe4
41. Nd2 g5 42. Nxe4 Rf7 43. Kg1 Be7 44. Be3 Rf5 45. Nd2 Bf6 46. Ne4 Be5 47.
Nxg5 Bxc3 48. Nf3 Bf6 49. Nd2 c3 50. Nb3 c2 51. Bc1 b6 52. Be3 Bd8 53. Nd4 Rc5
54. Bc1 Rc4 55. Ne2 Rxa4 56. Kf2 Rb4 57. Kf3 Rxb5 58. Ke4 Rb1 59. Be3 Rb3 60.
Bc1 a4 61. Nd4 Rb1 62. Ne2 Rxc1 0-1